banner koha

Efeito do residuo de bio-digestor como componente de substratos para plantas envasadas [Cordyline terminalis] (Registro n. 319123)

MARC details
000 -LÍDER
campo de controle de tamanho fixo 01426naa a22003257a 4500
001 - NÚMERO DE CONTROLE
campo de controle BR8802160
003 - IDENTIFICADOR DO NÚMERO DE CONTROLE
campo de controle BR-BrBNA
005 - DATA E HORÁRIO DA ÚLTIMA TRANSAÇÃO
campo de controle 20240918180002.0
007 - CAMPO FIXO DE DESCRIÇÃO FÍSICA--INFORMAÇÃO GERAL
campo de controle de tamanho fixo ta
008 - CAMPO DE DADOS FIXOS--INFORMAÇÃO GERAL
campo de controle de tamanho fixo 230509b bl.||||| |||| 00| 0 por d
040 ## - FONTE DA CATALOGAÇÃO
Instituição da catalogação original BR-BrBNA
Idioma da catalogação por
Instituição que transcreveu o registro Biblioteca Nacional de Agricultura
041 ## - CÓDIGO DE IDIOMA
Código do idioma do texto/trilha sonora ou título diferente (Pt)
072 ## - CÓDIGO DE CATEGORIA DE ASSUNTO
Código de Categoria de Assunto F61; F04; P35
Código do objeto 3300
-- 3862
-- 3864
090 ## - NÚMERO DE CHAMADA LOCAL
Número de chamada F61 BR8802160
100 1# - ENTRADA PRINCIPAL--NOME PESSOAL
Nome pessoal Miranda, R.M.
100 1# - ENTRADA PRINCIPAL--NOME PESSOAL
Nome pessoal Paz, C.M.
100 1# - ENTRADA PRINCIPAL--NOME PESSOAL
Nome pessoal Donda, P.A. de L.
111 1# - ENTRADA PRINCIPAL--NOME DO EVENTO
Nome do evento ou lugar 4. Congresso Brasileiro de Floricultura e Plantas Ornamentais
Local do evento Rio de Janeiro, RJ (Brazil)
Data do evento ou assinatura do tratado 3-8 Oct 1983
245 1# - TÍTULO
Título Efeito do residuo de bio-digestor como componente de substratos para plantas envasadas [Cordyline terminalis]
260 3# - PUBLICAÇÃO, DISTRIBUIÇÃO, ETC.
Local de publicação, distribuição, etc. Brasilia, DF (Brasil):
Nome do editor, distribuidor, etc. Empresa Brasileira de Pesquisa Agropecuaria, Departamento de Difusao de Tecnologia,
Data da publicação, distribuição, etc. 1984.
500 ## - NOTA GERAL
Nota geral Anais do 4. Congresso Brasileiro de Floricultura e Plantas Ornamentais<br/>Brasilia, DF (Brasil): Empresa Brasileira de Pesquisa Agropecuaria, Departamento de Difusao de Tecnologia, 1984. p. 215-222<br/>(BR8802160-AM)F61<br/>
650 ## - ASSUNTO--TERMO TÓPICO
Cabeçalho tópico ou nome geográfico PLANTA ORNAMENTAL
650 ## - ASSUNTO--TERMO TÓPICO
Cabeçalho tópico ou nome geográfico NUTRICAO VEGETAL
650 ## - ASSUNTO--TERMO TÓPICO
Cabeçalho tópico ou nome geográfico ADUBACAO
650 ## - ASSUNTO--TERMO TÓPICO
Cabeçalho tópico ou nome geográfico BIODIGESTOR
650 ## - ASSUNTO--TERMO TÓPICO
Cabeçalho tópico ou nome geográfico RESIDUO ORGANICO
773 0# - ENTRADA ANALÍTICA
Título Anais do 4. Congresso Brasileiro de Floricultura e Plantas Ornamentais
Número de controle do registro F61 BR8802160
Partes relacionadas Brasilia, DF (Brasil), 1984. p. 215-222
909 ## -
-- 202404
-- Lucia
-- 55
-- Lucia Elande
942 ## - ELEMENTOS DE ENTRADA ADICIONADOS (KOHA)
Tipo de material Koha Capítulo-Livro
Fonte da classificação ou esquema de arquivamento na estante Classificação AGRIS
Exemplares
Situação do descarte Fonte da classificação ou esquema de arquivamento na estante Situação física Não pode ser emprestado Coleção Biblioteca de origem Biblioteca atual Localização na estante Total de empréstimos Número de telefone completo Data de último acesso Número do exemplar Tipo de material Koha Situação das perdas Data de aquisição Fonte de aquisição
  Classificação AGRIS       Biblioteca Nacional de Agricultura - Binagri Biblioteca Nacional de Agricultura - Binagri Agrobase - Acervo Geral   H01 BR2016003143 20/05/2024 01 Capítulo-Livro   2024-04-11 Portaria Interministerial nº 164/94

BINAGRI

Telefone: (61)3218-2567/2388/3357/2097 - binagri@agro.gov.br

Ministério da Agricultura e Pecuária , Esplanada dos Ministérios, Bloco D, Anexo B, Brasília/DF, CEP: 70.043-900